000 00432nam a2200157 i 4500
001 142475
003 ES-MaACL
005 20230906200531.0
007 t|
008 071005s1925 cr ||||1| spa d
100 1 _aVillalobos, J. Francisco.
_9114957
245 1 0 _aBurbujas de oro /
_cJ. Francisco Villalobos.
260 _aSan José (Costa Rica) :
_bTrejos,
_c1925.
300 _a31 p. ;
_c20 cm.
852 _aES-MaACL
_j1696-F-7
999 _c142475
_d142475